000 00335 a2200157 4500
001 58809
020 _a9788516055004
040 _cAnchieta - Pituba
100 _aApolinário, Maria Raquel
240 1 0 _aHistória 7
_lpor
245 1 0 _aHistória 7
300 _a256
362 0 _a2007
650 4 _aHistória do mundo
942 _cBK
999 _c58809
_d58809